Loreto College Library, Kolkata
WEBOPAC (ONLINE PUBLIC ACCESS CATALOGUE)

The wonder of water (Record no. 35873)

MARC details
000 -LEADER
fixed length control field 00446nam a2200181Ia 4500
008 - FIXED-LENGTH DATA ELEMENTS--GENERAL INFORMATION
fixed length control field 131103s9999 xx 000 0 und d
040 ## - CATALOGING SOURCE
Original cataloging agency Loreto College
041 ## - LANGUAGE CODE
Language code English
082 ## - DDC | ডিউই
Classification number | বর্গসংখ্যা REF/2
Book Number | গ্রন্থাঙ্ক LCBED/13790
100 ## - MAIN ENTRY--PERSONAL NAME | মুখ্য সংলেখ - ব্যাক্তিনাম
Personal name | ব্যাক্তিনাম Berry, Nita
245 #4 - TITLE STATEMENT | অাখ্যা বিবরণী
Title | অাখ্যা The wonder of water
Statement of responsibility | লেখকের দায়িত্বের বিবরণ Nita Berry
250 ## - EDITION STATEMENT | সংস্করণ ক্ষেত্র
Edition statement | সংস্করণ New Delhi
260 ## - IMPRINT | প্রকাশনা ক্ষেত্র
Place of publication | প্রকাশ স্থান Children's book trust
Name of publisher | প্রকাশকের নাম 2001
Date of publication | প্রকাশ কাল 96p.
300 ## - PHYSICAL DESCRIPTION |
Page / Vol. No | পৃষ্ঠা / খন্ড সংখ্যা pic.
Other physical details | অনান্য বাহ্যিক বিবরণ 24cm.
650 ## - SUBJECT ADDED ENTRY--TOPICAL TERM | বিষয় শিরোনাম - মূল বিষয়
Topical term | মূল বিষয় REF
850 ## - HOLDING INSTITUTION
Holding institution LCBED/REF/2
942 ## - ADDED ENTRY ELEMENTS (KOHA)
Koha item type Books
Holdings
Withdrawn status Lost status Damaged status Not for loan Home library Current library Date acquired Total Checkouts Full call number Accession No. Date last seen Price effective from Koha item type
        Loreto College Loreto College 04/11/2013   REF/2 LCBED/13790 B38733 04/11/2013 04/11/2013 Books